000 00176 a2200085 4500
100 _aStephen Chbosky
245 _aWonder
260 _c14 Kasım 2017
264 _c14 Kasım 2017
999 _c200431190
_d49402